|
|
|
|
| LEADER |
00975nam a2200265 a 4500 |
| 001 |
4155653 |
| 008 |
090615s1979 nyua b 000 0 eng d |
| 010 |
|
|
|a 78018923
|
| 020 |
|
|
|a 0070352437
|
| 040 |
|
|
|a DLC
|c DLC
|d DLC
|
| 082 |
0 |
0 |
|a 658.4
|2 18
|
| 100 |
1 |
|
|a Knudson, Harry R.
|
| 245 |
1 |
0 |
|a Management :
|b an experiential approach /
|c Harry R. Knudson, Robert T. Woodworth, Cecil H. Bell.
|
| 250 |
|
|
|a 2d ed.
|
| 260 |
|
|
|a New York :
|b McGraw-Hill,
|c c1979.
|
| 300 |
|
|
|a xiii, 287 p. :
|b ill. ;
|c 28 cm.
|
| 490 |
0 |
|
|a McGraw-Hill series in management
|
| 504 |
|
|
|a Includes bibliographical references.
|
| 541 |
1 |
|
|e 00002312
|
| 650 |
|
0 |
|a Management.
|
| 700 |
1 |
|
|a Woodworth, Robert T.,
|e joint author.
|
| 700 |
1 |
|
|a Bell, Cecil,
|d 1935-
|e joint author.
|
| 852 |
4 |
|
|a Ayesha Abed Library
|j General shelf
|
| 999 |
|
|
|c 1363
|d 1363
|
| 952 |
|
|
|0 0
|1 0
|2 ddc
|4 0
|6 658_400000000000000_KNU
|7 0
|9 1245
|a BRACUL
|b BRACUL
|c GEN
|d 2009-06-25
|g 118.00
|l 0
|o 658.4 KNU
|p 3010002312
|r 2009-06-25
|t 1
|w 2009-06-25
|y BK
|